Németország a két világháború között
Elmentve itt :
| Szerző: | |
|---|---|
| További közreműködők: | |
| Dokumentumtípus: | Szakdolgozat |
| Megjelent: |
2002
|
| Tárgyszavak: | |
| Online Access: | http://diploma.bibl.u-szeged.hu/27167 |
| LEADER | 00566nta a2200157 i 4500 | ||
|---|---|---|---|
| 001 | dipl27167 | ||
| 005 | 20130314084702.0 | ||
| 008 | 111010s2002 hu om 0|| zxx d | ||
| 040 | |a SZTE Diploma Repozitórium |b hun | ||
| 041 | |a zxx | ||
| 100 | 1 | |a Bombay Annamária | |
| 245 | 1 | 0 | |a Németország a két világháború között |h [elektronikus dokumentum] / |c Annamária Bombay |
| 260 | |c 2002 | ||
| 650 | 4 | |a Jogi és igazgatási tanulmányok | |
| 700 | 1 | |a Majsa József |e ths | |
| 856 | 4 | 0 | |u http://diploma.bibl.u-szeged.hu/id/eprint/27167/1/2002_bombay_annam%C3%A1ria.pdf |z Dokumentum-elérés |